Xử lý ngôn ngữ tự nhiên

Guardat en:
Dades bibliogràfiques
Autors principals:  Nguyễn, Chí Hiếu,  Xử lý ngôn ngữ tự nhiên
Format: Sách
Idioma:Undetermined
Publicat:  Đại học Công nghiệp TP. Hồ Chí Minh  2018
Matèries:
Etiquetes: Afegir etiqueta
Sense etiquetes, Sigues el primer a etiquetar aquest registre!
Thư viện lưu trữ: Trung tâm Thư viện - Trường Đại học Công nghiệp TP. Hồ Chí Minh
LEADER 00565nam a2200157Ia 4500
001 UIH_08160
008 241002s9999 xx 000 0 und d
082 |a  006.35 
100 |a  Nguyễn, Chí Hiếu 
100 |a  Xử lý ngôn ngữ tự nhiên 
245 0 |a  Xử lý ngôn ngữ tự nhiên 
260 |b  Đại học Công nghiệp TP. Hồ Chí Minh 
260 |c  2018 
650 |a Ngôn ngữ tự nhiên 
927 |a Sách 
980 |a Trung tâm Thư viện - Trường Đại học Công nghiệp TP. Hồ Chí Minh